Downton Abbey Characters - Statistics

General Stats
  • This quiz has been taken 4,400 times
  • The average score is 16 of 24
Answer Stats
# Description Character % Correct
4 Eldest daughter Lady {Mary}
96%
5 Middle daughter Lady {Edith}
89%
6 Youngest daughter Lady {Sybil}
88%
7 Heir and husband of #4 {Matthew} Crawley
87%
1 Head of the household Earl of {Grantham}
84%
11 Valet to #1 Mr. {Bates}
80%
16 Assistant cook {Daisy}
79%
14 Maid and wife of #11 {Anna}
77%
13 Scheming footman / valet {Thomas}
76%
9 Butler Mr. {Carson}
73%
15 Cook Mrs. {Patmore}
72%
2 Wife of #1 {Cora} Crawley
69%
8 Former chauffeur / Husband of #6 Tom {Branson}
68%
1 Head of the household (real name) {Robert} Crawley
66%
3 Mother of #1 {Dowager} Countess
64%
12 Lady's maid to #2 Mrs. {O}'{Brien}
64%
10 Housekeeper Mrs. {Hughes}
62%
17 Footman and (briefly) husband to #16 {William}
58%
22 Late fiancee of #7 {Lavinia} Swire
50%
20 Would-be husband to #5 Sir {Anthony} Strallan
50%
18 Cowardly valet to #7 Mr. {Molesley}
48%
23 One-time suitor of #4 Sir {Richard} Carlisle
45%
21 Evil ex-wife of #11 {Vera}
36%
19 Local doctor Dr. {Clarkson}
31%
No matching quizzes found
Score Distribution
Percent of People with Each Score
Percentile by Number Answered
Your Score History
You have not taken this quiz